[Event "Candidates Blitz"]
[Site "Toronto CAN"]
[Date "2024.04.08"]
[Round "2.3"]
[White "Barron, Michael"]
[Black "Cheparinov, Ivan"]
[Result "0-1"]
[WhiteElo "2143"]
[BlackElo "2638"]
[PlyCount "122"]
[EventDate "2024.04.08"]
[EventType "swiss (blitz)"]
[EventRounds "9"]
[EventCountry "CAN"]
[Source "ChessMix "]
[SourceDate "2024.04.20"]

1. e4 c5 2. Nf3 d6 3. d4 cxd4 4. Nxd4 Nf6 5. f3 e5 6. Nb3 d5 7. Bg5 d4 8. c3
Nc6 9. cxd4 Bb4+ 10. Bd2 O-O 11. d5 Nxe4 12. Bxb4 Nxb4 13. fxe4 Qh4+ 14. Kd2
Qxe4 15. Nc3 Qf4+ 16. Ke1 Qe3+ 17. Be2 Bf5 18. Qd2 Nd3+ 19. Kd1 Nf2+ 20. Kc1
Qxd2+ 21. Kxd2 Nxh1 22. Rxh1 Rfd8 23. Ke3 Rac8 24. Bf3 b6 25. Rd1 Bd7 26. d6 f5
27. Bd5+ Kf8 28. Nd2 b5 29. Nf3 b4 30. Ne2 Re8 31. Rc1 Rxc1 32. Nxc1 Be6 33.
Bxe6 Rxe6 34. Nb3 Rxd6 35. Nxe5 Ke7 36. Nd4 Kf6 37. Nec6 Rd7 38. Nxb4 Rb7 39.
Nd3 g5 40. g3 Re7+ 41. Kf3 Rd7 42. Ke3 Re7+ 43. Kf3 Re4 44. Nb5 a6 45. Nc3 Rd4
46. Ke3 Rd8 47. Nb4 a5 48. Nc6 Re8+ 49. Kd4 f4 50. gxf4 gxf4 51. Nxa5 f3 52.
Ne4+ Rxe4+ 53. Kxe4 f2 54. Nc4 f1=Q 55. Kd4 Qg1+ 56. Kc3 Qxh2 57. a4 Qg3+ 58.
Kb4 Qb8+ 59. Kc3 h5 60. a5 h4 61. b4 h3 0-1

[Event "Candidates Blitz"]
[Site "Toronto CAN"]
[Date "2024.04.08"]
[Round "5.6"]
[White "Tregubov, Pavel V"]
[Black "Barron, Michael"]
[Result "1-0"]
[WhiteElo "2562"]
[BlackElo "2143"]
[PlyCount "65"]
[EventDate "2024.04.08"]
[EventType "swiss (blitz)"]
[EventRounds "9"]
[EventCountry "CAN"]
[Source "ChessMix "]
[SourceDate "2024.04.20"]

1. e4 e5 2. Nf3 Nc6 3. Bb5 a6 4. Ba4 Nf6 5. d4 b5 6. Bb3 d6 7. dxe5 Nxe5 8.
Nxe5 dxe5 9. Bxf7+ Ke7 10. Qxd8+ Kxd8 11. f3 Bc5 12. Nd2 Ke7 13. Bb3 a5 14. a4
b4 15. Nc4 Bd4 16. Be3 Rd8 17. O-O-O Be6 18. Bxd4 exd4 19. Ne5 Bxb3 20. Nc6+
Ke8 21. Nxd8 Bxa4 22. Ne6 Ke7 23. Nxd4 c5 24. Nf5+ Kf7 25. b3 Bc6 26. Rd6 Rc8
27. Kb2 g6 28. Ne3 a4 29. bxa4 Bxa4 30. Ra1 Bd7 31. Ra7 Ke7 32. Rxf6 Kxf6 33.
Rxd7 1-0

[Event "CAN-ch"]
[Site "Toronto CAN"]
[Date "2024.03.28"]
[Round "2.26"]
[White "Singh, Mahip"]
[Black "Barron, Michael"]
[Result "1-0"]
[WhiteElo "1969"]
[BlackElo "2143"]
[PlyCount "117"]
[EventDate "2024.03.27"]
[EventType "swiss"]
[EventRounds "10"]
[EventCountry "CAN"]

1. e4 e5 2. Nf3 Nc6 3. Bb5 a6 4. Ba4 Nf6 5. Qe2 b5 6. Bb3 Bc5 7. Nc3 d6 8. Nd5
Na5 9. d4 Nxb3 10. axb3 Bxd4 11. Nxd4 exd4 12. Bg5 h6 13. e5 hxg5 14. exf6+ Be6
15. fxg7 Rg8 16. Qe4 Kd7 17. Nb4 c5 18. Qc6+ Ke7 19. Nd5+ Bxd5 20. Qxd5 Kf6 21.
O-O-O Kxg7 22. h4 gxh4 23. g3 Kf8 24. gxh4 Ra7 25. Kb1 Qf6 26. Rde1 Rg6 27. h5
Rg5 28. Qc6 Kg7 29. h6+ Kh7 30. f4 Rg6 31. Qe8 Rg8 32. Qe4+ Qg6 33. Qd5 a5 34.
Rh5 f6 35. Rhh1 a4 36. f5 Qf7 37. Re6 axb3 38. Qxd6 bxc2+ 39. Kxc2 Rg2+ 40. Kb1
Qb7 41. Rhe1 Kxh6 42. Rxf6+ Kh5 43. Rh6+ Kg4 44. Rh4+ Kxh4 45. Qf4+ Rg4 46.
Qh6+ Kg3 47. Rg1+ Kf3 48. Qh3+ Ke4 49. Qxg4+ Kd5 50. Qg2+ Kc4 51. Rc1+ Kb4 52.
Qd2+ Ka4 53. Rxc5 Qd7 54. Qd3 Ka5 55. f6 Kb6 56. f7 Ra8 57. Rf5 Rf8 58. Rf6+
Kc7 59. Qa3 1-0

[Event "CAN-ch"]
[Site "Toronto CAN"]
[Date "2024.03.28"]
[Round "3.27"]
[White "Barron, Michael"]
[Black "Yu, Jonathan"]
[Result "1/2-1/2"]
[WhiteElo "2143"]
[BlackElo "2045"]
[PlyCount "108"]
[EventDate "2024.03.27"]
[EventType "swiss"]
[EventRounds "10"]
[EventCountry "CAN"]

1. e4 e6 2. d4 d5 3. Bd3 c5 4. dxc5 Bxc5 5. exd5 exd5 6. Qe2+ Ne7 7. Be3 d4 8.
Bg5 Nbc6 9. a3 Be6 10. Nf3 Qd7 11. Nbd2 h6 12. Ne4 Bd6 13. Nxd6+ Qxd6 14. Bh4
O-O 15. Bg3 Qc5 16. O-O Nf5 17. Qe4 g6 18. b4 Qb6 19. b5 Nce7 20. Be5 Rad8 21.
g4 Bd5 22. Qf4 g5 23. Nxg5 hxg5 24. Qxg5+ Qg6 25. Qf4 f6 26. Bc7 Rd7 27. f3 Qg5
28. Kf2 Rc8 29. gxf5 Qxf4 30. Bxf4 Bc4 31. Rg1+ Kf7 32. Be4 Bxb5 33. Bh6 d3 34.
Rab1 Rxc2+ 35. Kg3 Bc6 36. Rb3 Bxe4 37. fxe4 d2 38. Rd1 Nc6 39. Kf2 Ne5 40. Ke2
Nc4 41. Rd3 Re7 42. Rd4 b5 43. Bxd2 Ra2 44. h4 Rxa3 45. Bb4 Ra2+ 46. Kf3 Ne5+
47. Kg3 Rc7 48. R1d2 Rxd2 49. Bxd2 Rc4 50. Rd5 a6 51. Rd8 Rc6 52. Kf4 b4 53.
Ra8 Rb6 54. Ra7+ Kg8 1/2-1/2

[Event "CAN-ch"]
[Site "Toronto CAN"]
[Date "2024.03.29"]
[Round "4.27"]
[White "Malakar, Saarthak"]
[Black "Barron, Michael"]
[Result "0-1"]
[WhiteElo "1964"]
[BlackElo "2143"]
[PlyCount "106"]
[EventDate "2024.03.27"]
[EventType "swiss"]
[EventRounds "10"]
[EventCountry "CAN"]

1. d4 f5 2. Bg5 h6 3. Bh4 g5 4. Bg3 Bg7 5. e3 c5 6. Be5 Nf6 7. Bxf6 Bxf6 8. h4
g4 9. c3 Qb6 10. Nd2 Qxb2 11. Ne2 Qb6 12. Nf4 Qc7 13. Nc4 e6 14. Rc1 d5 15. Ne5
Bxe5 16. dxe5 Kf7 17. c4 d4 18. exd4 cxd4 19. Qxd4 Nc6 20. Qc3 Qxe5+ 21. Qxe5
Nxe5 22. Be2 Rd8 23. O-O Rd4 24. g3 Bd7 25. Rfd1 Rxd1+ 26. Rxd1 Rc8 27. h5 Rc5
28. Ng6 Ba4 29. Rb1 b6 30. Nf4 Nxc4 31. Rb4 b5 32. Nd3 Rc7 33. Nb2 Nxb2 34.
Rxb2 a6 35. f3 gxf3 36. Bxf3 Rc2 37. Rb1 Rxa2 38. Bb7 Bc2 39. Rc1 a5 40. Ba6 b4
41. Bc4 b3 42. Re1 Be4 43. Bxb3 Rg2+ 44. Kf1 Rxg3 45. Bd1 Rh3 46. Kf2 Kf6 47.
Rg1 f4 48. Rg8 Rh2+ 49. Ke1 Ke5 50. Rc8 Bd5 51. Rf8 Ke4 52. Rf7 e5 53. Re7 Ke3
0-1

[Event "CAN-ch"]
[Site "Toronto CAN"]
[Date "2024.03.30"]
[Round "5.23"]
[White "Barron, Michael"]
[Black "Ajith, Aayush"]
[Result "1-0"]
[WhiteElo "2143"]
[BlackElo "1959"]
[PlyCount "70"]
[EventDate "2024.03.27"]
[EventType "swiss"]
[EventRounds "10"]
[EventCountry "CAN"]

1. e4 c5 2. Nf3 d6 3. d4 cxd4 4. Nxd4 Nf6 5. f3 a6 6. c4 Nc6 7. Be3 g6 8. Qd2
Bg7 9. Nc3 Bd7 10. Be2 Rb8 11. O-O O-O 12. Rfd1 b6 13. Rac1 Ne8 14. Nd5 e6 15.
Nxc6 Bxc6 16. Bg5 f6 17. Nb4 Bb7 18. Bf4 a5 19. Nc2 e5 20. Be3 f5 21. exf5 gxf5
22. c5 d5 23. cxb6 d4 24. Qxa5 Rf6 25. Bg5 Qxb6 26. Bc4+ Kh8 27. Qxe5 Rd6 28.
Qxf5 d3+ 29. Ne3 d2 30. Rc2 h6 31. Bf4 Rbd8 32. Qf7 Nf6 33. Kh1 R8d7 34. Qg6
Ne4 35. Qe8+ Kh7 1-0

[Event "CAN-ch"]
[Site "Toronto CAN"]
[Date "2024.03.30"]
[Round "6.14"]
[White "Tanaka, Tyler"]
[Black "Barron, Michael"]
[Result "1-0"]
[WhiteElo "2256"]
[BlackElo "2143"]
[PlyCount "111"]
[EventDate "2024.03.27"]
[EventType "swiss"]
[EventRounds "10"]
[EventCountry "CAN"]

1. Nf3 f5 2. d3 d6 3. e4 e5 4. Nc3 c5 5. g3 Nc6 6. Bg2 Nf6 7. O-O Be7 8. Bg5
O-O 9. Nd2 Rb8 10. a4 Nd4 11. Bxf6 Rxf6 12. Nd5 Rh6 13. c3 Nc6 14. Qb3 Kh8 15.
Nxe7 Nxe7 16. f4 Be6 17. Qd1 exf4 18. Rxf4 d5 19. exf5 Nxf5 20. Qf3 Rf6 21. Re1
g5 22. Rxe6 gxf4 23. Rxf6 Qxf6 24. Qxf4 Rf8 25. Bxd5 Ne7 26. Qxf6+ Rxf6 27. Be4
b6 28. Nf3 Ng6 29. h4 Kg7 30. h5 Nf8 31. Kg2 Kh6 32. g4 Ne6 33. Kg3 Ng5 34. Bf5
Nxf3 35. Kxf3 Kg5 36. Ke4 Rf7 37. d4 h6 38. Ke5 Re7+ 39. Kd6 Re2 40. d5 Kf6 41.
Kc7 Rxb2 42. d6 Rd2 43. d7 Ke7 44. g5 hxg5 45. h6 Kf6 46. h7 Kg7 47. d8=Q Rxd8
48. Kxd8 a6 49. Bd3 b5 50. axb5 axb5 51. Bxb5 g4 52. Ke7 g3 53. Bf1 Kxh7 54.
Kd6 c4 55. Kc5 Kg6 56. Kxc4 1-0

[Event "CAN-ch"]
[Site "Toronto CAN"]
[Date "2024.03.31"]
[Round "7.22"]
[White "Barron, Michael"]
[Black "Kang, Dorian"]
[Result "0-1"]
[WhiteElo "2143"]
[BlackElo "2102"]
[PlyCount "104"]
[EventDate "2024.03.27"]
[EventType "swiss"]
[EventRounds "10"]
[EventCountry "CAN"]

1. e4 c5 2. Nf3 d6 3. d4 cxd4 4. Nxd4 Nf6 5. f3 e5 6. Nb3 a5 7. a4 Be7 8. Bb5+
Nc6 9. Nc3 O-O 10. Nd5 Nxd5 11. exd5 Nb4 12. c3 Na6 13. Be3 Bg5 14. Qd2 Bxe3
15. Qxe3 Nc7 16. Qd3 Nxb5 17. Qxb5 Bd7 18. Qe2 Qb6 19. Nc1 Qc5 20. Qd3 f5 21.
Ne2 b5 22. axb5 Bxb5 23. Qd2 Bc4 24. Nc1 a4 25. Nd3 Qxd5 26. Nb4 Qxd2+ 27. Kxd2
f4 28. Rhd1 Bb3 29. Re1 Kf7 30. Re4 Rfc8 31. Nc2 Kf6 32. Rb4 Rab8 33. Re1 d5
34. Rxb8 Rxb8 35. Nb4 Re8 36. Nd3 Kf5 37. Nc5 e4 38. Nd3 h5 39. Nb4 g5 40. Nc6
g4 41. Nd4+ Kg5 42. Rg1 Bc4 43. Ra1 exf3 44. gxf3 g3 45. Rg1 h4 46. Kd1 Kf6 47.
Kd2 h3 48. Rh1 g2 49. Rg1 Re3 50. Kd1 a3 51. b3 a2 52. Nc2 Bxb3 0-1

[Event "CAN-ch"]
[Site "Toronto CAN"]
[Date "2024.03.30"]
[Round "8.23"]
[White "Abrahams, Daniel"]
[Black "Barron, Michael"]
[Result "1-0"]
[WhiteElo "2166"]
[BlackElo "2143"]
[PlyCount "119"]
[EventDate "2024.03.27"]
[EventType "swiss"]
[EventRounds "10"]
[EventCountry "CAN"]

1. c4 f5 2. Nf3 Nf6 3. g3 g6 4. Bg2 Bg7 5. O-O d6 6. d4 O-O 7. Nc3 c6 8. Rb1
Qe8 9. d5 a5 10. Nd4 Bd7 11. a3 Na6 12. b4 axb4 13. axb4 Nc7 14. dxc6 bxc6 15.
b5 c5 16. Bxa8 cxd4 17. Bd5+ e6 18. Bg2 dxc3 19. b6 c2 20. Qxc2 Na6 21. Qd3 Bc6
22. Ba3 Bxg2 23. Kxg2 Qc6+ 24. f3 Nc5 25. Bxc5 dxc5 26. b7 Rb8 27. Qa3 Nd7 28.
Rfd1 Kf7 29. Qa7 Be5 30. Rb3 Bc7 31. h4 Nb6 32. Qa6 Rxb7 33. Rbd3 Rb8 34. Rd7+
Kg8 35. Re7 Re8 36. Rxe8+ Qxe8 37. Qb7 Qb8 38. Qxb8+ Bxb8 39. Rd8+ Kf7 40. Rxb8
Nxc4 41. Rb7+ Kf6 42. Rc7 h5 43. Rxc5 Ne3+ 44. Kf2 Nd5 45. e4 fxe4 46. fxe4 Nb6
47. Ke3 Nd7 48. Ra5 Ne5 49. Rb5 Nc6 50. Kf4 e5+ 51. Ke3 Nd4 52. Rb6+ Kf7 53.
Kd3 Kg7 54. Rd6 Nf3 55. Kc4 g5 56. Rd3 Nh2 57. Kd5 Ng4 58. Rf3 gxh4 59. gxh4
Kg6 60. Ke6 1-0

[Event "WTch Senior +50"]
[Site "Struga MKD"]
[Date "2023.09.19"]
[Round "1.2"]
[White "Kaidanov, Gregory"]
[Black "Barron, Michael"]
[Result "1-0"]
[WhiteElo "2549"]
[BlackElo "2108"]
[PlyCount "117"]
[EventDate "2023.09.19"]
[EventType "team"]
[EventRounds "9"]
[EventCountry "FRM"]
[Source "ChessMix"]
[SourceDate "2023.10.01"]
[WhiteTeam "USA"]
[BlackTeam "Canada"]
[BlackTeamCountry "CAN"]

1. d4 f5 2. Bf4 Nf6 3. e3 g6 4. h4 h6 5. Qf3 d6 6. Nc3 Bg7 7. Qg3 Kf7 8. O-O-O
Nh5 9. Qf3 Nxf4 10. Qxf4 Bf6 11. Nf3 Nc6 12. Qg3 e5 13. dxe5 Nxe5 14. e4 Re8
15. h5 g5 16. exf5 Bxf5 17. Nd4 Bd7 18. Bd3 Bg7 19. Nd5 c6 20. Bg6+ Nxg6 21.
hxg6+ Kxg6 22. Qxd6+ Be6 23. Qxd8 Raxd8 24. Nc7 Bg4 25. Nxe8 Bxd1 26. Nxg7 Rxd4
27. Ne6 Rd6 28. Nxg5 hxg5 29. Rxd1 Rf6 30. f3 a5 31. Rd7 b5 32. b3 Kf5 33. Kd2
Kf4 34. Rd4+ Ke5 35. Rg4 Rf5 36. Ke3 Kd5 37. Rd4+ Kc5 38. Re4 Rd5 39. Ke2 b4
40. c3 bxc3 41. Rc4+ Kb5 42. a4+ Kb6 43. Rxc3 Rd4 44. Rc4 Rd5 45. g3 Re5+ 46.
Re4 Rd5 47. f4 gxf4 48. gxf4 Kc5 49. Kf3 Rd3+ 50. Re3 Rd1 51. Ke4 Kb4 52. f5 c5
53. f6 c4 54. bxc4 Kxa4 55. f7 Rd8 56. Kf5 Rf8 57. Kf6 Kb4 58. Re4 a4 59. c5+
1-0

[Event "WTch Senior +50"]
[Site "Struga MKD"]
[Date "2023.09.20"]
[Round "2.2"]
[White "Barron, Michael"]
[Black "Druckenthaner, Andreas"]
[Result "0-1"]
[WhiteElo "2108"]
[BlackElo "2182"]
[PlyCount "80"]
[EventDate "2023.09.19"]
[EventType "team"]
[EventRounds "9"]
[EventCountry "FRM"]
[Source "ChessMix"]
[SourceDate "2023.10.01"]
[WhiteTeam "Canada"]
[BlackTeam "Austria"]
[WhiteTeamCountry "CAN"]
[BlackTeamCountry "AUT"]

1. e4 Nc6 2. d4 e5 3. dxe5 Nxe5 4. f4 Nc6 5. Bc4 Bb4+ 6. c3 Ba5 7. Be3 Nf6 8.
e5 d5 9. exf6 dxc4 10. Qxd8+ Kxd8 11. fxg7 Rg8 12. Nd2 Rxg7 13. Kf2 Be6 14.
Ngf3 Bb6 15. Rhe1 Bxe3+ 16. Rxe3 b6 17. Ne5 Nxe5 18. Rxe5 c6 19. Rd1 Kc7 20.
Nf1 Rd8 21. Rxd8 Kxd8 22. f5 Bd5 23. Ne3 f6 24. Rxd5+ cxd5 25. Nxd5 Rd7 26.
Nxf6 Rf7 27. Ne4 Rxf5+ 28. Ke3 Rb5 29. g4 Rxb2 30. h4 Rxa2 31. Nf6 Rh2 32. h5
a5 33. g5 a4 34. Nxh7 a3 35. g6 a2 36. g7 Rg2 37. h6 a1=Q 38. Kd4 Qg1+ 39. Kxc4
Rxg7 40. hxg7 Qxg7 0-1

[Event "WTch Senior +50"]
[Site "Struga MKD"]
[Date "2023.09.21"]
[Round "3.2"]
[White "Kostadinovski, Zoran"]
[Black "Barron, Michael"]
[Result "0-1"]
[WhiteElo "1922"]
[BlackElo "2108"]
[PlyCount "76"]
[EventDate "2023.09.19"]
[EventType "team"]
[EventRounds "9"]
[EventCountry "FRM"]
[Source "ChessMix"]
[SourceDate "2023.10.01"]
[WhiteTeam "N. Macedonia Blind"]
[BlackTeam "Canada"]
[BlackTeamCountry "CAN"]

1. d4 f5 2. Nf3 Nf6 3. c4 g6 4. Nc3 Bg7 5. Bf4 d6 6. h3 O-O 7. e3 c6 8. Bd3 Qe8
9. Qb3 Nbd7 10. c5+ d5 11. a4 Nh5 12. Be5 Nxe5 13. dxe5 f4 14. e4 e6 15. Rc1
Qe7 16. Ne2 Qc7 17. Qc3 Bd7 18. b4 b6 19. O-O Rfc8 20. Qd4 bxc5 21. bxc5 Qa5
22. Nc3 Bf8 23. Na2 Rab8 24. Rfe1 Rb3 25. Rc4 Rcb8 26. Nc1 Ra3 27. Rd1 Bc8 28.
exd5 exd5 29. e6 Bg7 30. Ne5 Bxe6 31. Nxc6 Bxd4 32. Nxa5 dxc4 33. Bxc4 Bxc4 34.
Rxd4 Be6 35. Nd3 Rb1+ 36. Kh2 Raa1 37. g4 fxg3+ 38. fxg3 Ra2+ 0-1

[Event "WTch Senior +50"]
[Site "Struga MKD"]
[Date "2023.09.22"]
[Round "4.2"]
[White "Barron, Michael"]
[Black "Motuz, Karol"]
[Result "1/2-1/2"]
[WhiteElo "2108"]
[BlackElo "2279"]
[PlyCount "177"]
[EventDate "2023.09.19"]
[EventType "team"]
[EventRounds "9"]
[EventCountry "FRM"]
[Source "ChessMix"]
[SourceDate "2023.10.01"]
[WhiteTeam "Canada"]
[BlackTeam "Slovakia"]
[WhiteTeamCountry "CAN"]
[BlackTeamCountry "SVK"]

1. e4 e5 2. Nf3 Nc6 3. Bb5 a6 4. Ba4 Nf6 5. O-O Be7 6. Re1 b5 7. Bb3 d6 8. c3
O-O 9. d4 Bg4 10. d5 Na5 11. Bc2 Qc8 12. Nbd2 c6 13. dxc6 Qxc6 14. Nf1 Rfc8 15.
Ng3 Rab8 16. h3 Bd7 17. Nh4 b4 18. Nhf5 Bf8 19. Bg5 Ne8 20. Rc1 bxc3 21. b3 f6
22. Be3 Be6 23. Qg4 Qd7 24. Qh4 Nc6 25. a3 Bxb3 26. Bxb3+ Rxb3 27. Qg4 Kh8 28.
Qd1 Qe6 29. Qd3 Rxa3 30. Rb1 a5 31. Rb7 Nb4 32. Qb5 c2 33. Bc1 Rd3 34. Ne3 d5
35. exd5 Rxd5 36. Nxd5 Qxd5 37. Qxd5 Nxd5 38. Bb2 Nb4 39. Ra1 Nd3 40. Ne2 Bb4
41. Bc1 Nd6 42. Rd7 Nxc1 43. Nxc1 h5 44. Kf1 Nb5 45. Ke2 Nd4+ 46. Kd3 Rc3+ 47.
Ke4 Ra3 48. Ra2 Ne6 49. Kf5 Rxa2 50. Nxa2 Nc5 51. Rc7 Kh7 52. Rc8 Ba3 53. Nc1
g6+ 54. Kxf6 Nd7+ 55. Ke6 Nf8+ 56. Kxe5 Bxc1 57. Rxc2 Ba3 58. Rc7+ Kh6 59. Ra7
Bb4 60. Kf6 Nh7+ 61. Kf7 h4 62. f4 Bd2 63. Ra6 Bxf4 64. Rxg6+ Kh5 65. Kg7 Nf8
66. Ra6 Nd7 67. Rxa5+ Bg5 68. Rb5 Nf6 69. Rb8 Bf4 70. Ra8 Ne4 71. Ra4 Be5+ 72.
Kf7 Ng5+ 73. Ke7 Bc3 74. Rc4 Bb2 75. Rc2 Be5 76. Rc5 Bb2 77. Rb5 Bc3 78. Kd6
Kg6 79. Kd5 Bf6 80. Rb4 Kh5 81. Rg4 Bb2 82. g3 hxg3 83. Rxg3 Bf6 84. Rb3 Kh4
85. Rb6 Bg7 86. Rg6 Bf8 87. Rg8 Bh6 88. Rh8 Kh5 89. h4 1/2-1/2

[Event "WTch Senior +50"]
[Site "Struga MKD"]
[Date "2023.09.23"]
[Round "5.2"]
[White "Jackson, Sheila"]
[Black "Barron, Michael"]
[Result "1/2-1/2"]
[WhiteElo "2034"]
[BlackElo "2108"]
[PlyCount "71"]
[EventDate "2023.09.19"]
[EventType "team"]
[EventRounds "9"]
[EventCountry "FRM"]
[Source "ChessMix"]
[SourceDate "2023.10.01"]
[WhiteTeam "England  W50"]
[BlackTeam "Canada"]
[BlackTeamCountry "CAN"]

1. e4 e5 2. Nf3 Nc6 3. Bb5 a6 4. Ba4 Nf6 5. O-O Be7 6. d3 b5 7. Bb3 d6 8. Nc3
Na5 9. h3 O-O 10. Bg5 c6 11. Re1 h6 12. Bd2 Re8 13. Ne2 Nxb3 14. axb3 a5 15.
Ng3 Be6 16. d4 Qc7 17. dxe5 dxe5 18. Bc3 Nd7 19. Nf5 Bf8 20. Qc1 Kh7 21. Bd2
Nc5 22. g4 f6 23. Qd1 g6 24. Ng3 a4 25. bxa4 Nxa4 26. b3 Nb6 27. Qe2 b4 28. Kg2
c5 29. Rxa8 Rxa8 30. Rb1 Ra2 31. Ne1 Nc8 32. Qf3 Qd8 33. Rd1 Nd6 34. Be3 c4 35.
bxc4 Bxc4 36. Bc5 1/2-1/2

[Event "WTch Senior +50"]
[Site "Struga MKD"]
[Date "2023.09.24"]
[Round "6.2"]
[White "Barron, Michael"]
[Black "Hulme, William"]
[Result "1-0"]
[WhiteElo "2108"]
[BlackElo "1925"]
[PlyCount "39"]
[EventDate "2023.09.19"]
[EventType "team"]
[EventRounds "9"]
[EventCountry "FRM"]
[Source "ChessMix"]
[SourceDate "2023.10.01"]
[WhiteTeam "Canada"]
[BlackTeam "Scotland"]
[WhiteTeamCountry "CAN"]
[BlackTeamCountry "SCO"]

1. e4 e5 2. Nf3 Nc6 3. Bb5 a6 4. Ba4 Nf6 5. O-O Nxe4 6. Bxc6 dxc6 7. d4 Be7 8.
Qe2 Bf5 9. dxe5 Bc5 10. Be3 O-O 11. Bxc5 Nxc5 12. Nc3 Ne6 13. Rad1 Qe7 14. Nd4
Nxd4 15. Rxd4 Rfe8 16. Re1 f6 17. Rf4 Qd7 18. Qc4+ Kh8 19. Rd1 Rxe5 20. g4 1-0

[Event "WTch Senior +50"]
[Site "Struga MKD"]
[Date "2023.09.26"]
[Round "7.2"]
[White "Barron, Michael"]
[Black "Angskog, Kent"]
[Result "1/2-1/2"]
[WhiteElo "2108"]
[BlackElo "2123"]
[PlyCount "119"]
[EventDate "2023.09.19"]
[EventType "team"]
[EventRounds "9"]
[EventCountry "FRM"]
[Source "ChessMix"]
[SourceDate "2023.10.01"]
[WhiteTeam "Canada"]
[BlackTeam "Sweden"]
[WhiteTeamCountry "CAN"]
[BlackTeamCountry "SWE"]

1. e4 g6 2. d4 Bg7 3. Nc3 d6 4. f4 a6 5. Nf3 b5 6. Bd3 Nd7 7. e5 c5 8. Be4 Rb8
9. Be3 Nh6 10. dxc5 dxc5 11. h3 O-O 12. O-O Nf5 13. Bf2 e6 14. g4 Ne7 15. Qd6
Rb6 16. Qd3 b4 17. Na4 Rb5 18. b3 Nd5 19. Bxd5 exd5 20. c4 dxc4 21. Qxc4 Bb7
22. Be3 Nb6 23. Nxb6 Qxb6 24. Rad1 Qe6 25. Ng5 Qc6 26. Nf3 Qe6 27. Qxe6 fxe6
28. Rd6 Ra5 29. Rxe6 Rxa2 30. Nd2 Rc8 31. Rf2 a5 32. Nc4 Rxf2 33. Kxf2 Bd5 34.
Ra6 Bxc4 35. bxc4 b3 36. Rxa5 Rb8 37. Ra1 Rb4 38. Bxc5 Rxc4 39. Ra8+ Kf7 40.
Ra7+ Ke6 41. Rxg7 Rxc5 42. Rb7 Rc3 43. Rxh7 Kd5 44. Rb7 Rxh3 45. Ke2 g5 46.
fxg5 Kxe5 47. g6 Rg3 48. g5 b2 49. g7 Rxg5 50. Rb5+ Kf6 51. Rxg5 b1=Q 52. g8=Q
Qc2+ 53. Kf3 Qd1+ 54. Ke4 Qe2+ 55. Kf4 Qf2+ 56. Ke4 Qe2+ 57. Kf4 Qf2+ 58. Kg4
Qg2+ 59. Kh4 Qh2+ 60. Kg4 1/2-1/2

[Event "WTch Senior +50"]
[Site "Struga MKD"]
[Date "2023.09.27"]
[Round "8.2"]
[White "Nedev, Trajce"]
[Black "Barron, Michael"]
[Result "1-0"]
[WhiteElo "2465"]
[BlackElo "2108"]
[PlyCount "77"]
[EventDate "2023.09.19"]
[EventType "team"]
[EventRounds "9"]
[EventCountry "FRM"]
[Source "ChessMix"]
[SourceDate "2023.10.01"]
[WhiteTeam "N. Macedonia Alkaloid"]
[BlackTeam "Canada"]
[BlackTeamCountry "CAN"]

1. d4 f5 2. Bf4 Nf6 3. e3 d6 4. Nc3 Nc6 5. d5 Ne5 6. Bxe5 dxe5 7. Nf3 e4 8.
Bb5+ Bd7 9. Ng5 a6 10. Ne6 Qc8 11. Bxd7+ Qxd7 12. Qd4 c6 13. Qe5 Rc8 14. O-O-O
g6 15. d6 Kf7 16. Nc5 exd6 17. Qxf6+ Kxf6 18. Nxd7+ Ke6 19. Nxf8+ Rhxf8 20. Ne2
d5 21. a4 Rfd8 22. Rd2 b5 23. axb5 axb5 24. b4 Ra8 25. Nd4+ Kd6 26. Kb2 Ra4 27.
Kc3 Ra3+ 28. Nb3 Rda8 29. Rdd1 g5 30. Ra1 Rxa1 31. Rxa1 Rxa1 32. Nxa1 c5 33.
bxc5+ Kxc5 34. Nb3+ Kd6 35. Kd4 f4 36. Nc5 h5 37. Na6 h4 38. Nb4 g4 39. exf4
1-0

[Event "WTch Senior +50"]
[Site "Struga MKD"]
[Date "2023.09.28"]
[Round "9.2"]
[White "Barron, Michael"]
[Black "Jhunjhnuwala, Ramesh"]
[Result "1-0"]
[WhiteElo "2108"]
[BlackElo "2088"]
[PlyCount "103"]
[EventDate "2023.09.19"]
[EventType "team"]
[EventRounds "9"]
[EventCountry "FRM"]
[Source "ChessMix"]
[SourceDate "2023.10.01"]
[WhiteTeam "Canada"]
[BlackTeam "USA 5 Brothers"]
[WhiteTeamCountry "CAN"]

1. e4 c5 2. Nf3 Nc6 3. d4 cxd4 4. Nxd4 Nxd4 5. Qxd4 d6 6. Bb5+ Bd7 7. Bxd7+
Qxd7 8. c4 Nf6 9. Nc3 h6 10. b3 g6 11. Bb2 Bg7 12. O-O-O O-O 13. Nd5 b5 14.
cxb5 Rfc8+ 15. Kb1 Ne8 16. Qe3 e6 17. Bxg7 Kxg7 18. Qd4+ f6 19. Nc3 Qc7 20. Rc1
Qc5 21. Qxc5 Rxc5 22. Rhd1 Rb8 23. Kb2 Kf7 24. a4 Rh5 25. h3 Rc5 26. Na2 Rxc1
27. Rxc1 f5 28. exf5 gxf5 29. Nb4 f4 30. Nc6 Ra8 31. a5 Nf6 32. Rd1 d5 33. b6
axb6 34. axb6 Nd7 35. b7 Rg8 36. b4 Rxg2 37. Ne5+ Nxe5 38. b8=Q Rxf2+ 39. Kb3
Rf3+ 40. Ka4 Nc4 41. Rg1 Kf6 42. Qh8+ Kf5 43. Qxh6 Ra3+ 44. Kb5 Nd6+ 45. Kc6
Ra6+ 46. Kd7 Nc4 47. Qg6+ Ke5 48. Re1+ Kd4 49. Qf6+ Kd3 50. Rxe6 Ra7+ 51. Kc6
Ne5+ 52. Qxe5 1-0

[Event "WTch Seniors 50+"]
[Site "Acqui Terme ITA"]
[Date "2022.06.24"]
[Round "5.4"]
[White "Barron, Michael"]
[Black "Sokolin, Leonid"]
[Result "0-1"]
[WhiteElo "2127"]
[BlackElo "2464"]
[PlyCount "86"]
[EventDate "2022.06.20"]
[EventType "team"]
[EventRounds "9"]
[EventCountry "ITA"]
[Source "ChessMix"]
[SourceDate "2022.07.01"]
[WhiteTeam "Canada"]
[BlackTeam "USA"]
[WhiteTeamCountry "CAN"]

1. e4 c5 2. Nf3 Nc6 3. d4 cxd4 4. Nxd4 Nf6 5. Nc3 e5 6. Ndb5 d6 7. Nd5 Nxd5 8.
exd5 Ne7 9. c3 Nf5 10. a4 Be7 11. Bd3 O-O 12. O-O Bd7 13. Qc2 g6 14. f4 a6 15.
Na3 Rc8 16. Nc4 Re8 17. Qf2 e4 18. Be2 b5 19. axb5 axb5 20. Ne3 b4 21. cxb4 Nd4
22. Ba6 Ra8 23. Nc4 Nb3 24. Ra3 Rxa6 25. Rxb3 Bb5 26. Na3 Bxf1 27. Qxf1 Qa8 28.
Qd1 Qb7 29. Be3 Bf6 30. b5 Ra4 31. Qd2 Rb8 32. Kf2 Bd8 33. Rc3 Bb6 34. Rc6
Bxe3+ 35. Qxe3 Qe7 36. Qc3 e3+ 37. Qxe3 Re4 38. Qf3 Qh4+ 39. Qg3 Rxf4+ 40. Ke3
Re8+ 41. Kd3 Qf6 42. Nc4 Ree4 43. b6 Rd4+ 0-1

[Event "WTch Seniors 50+"]
[Site "Acqui Terme ITA"]
[Date "2022.06.29"]
[Round "9.4"]
[White "Emms, John"]
[Black "Barron, Michael"]
[Result "1/2-1/2"]
[WhiteElo "2481"]
[BlackElo "2127"]
[PlyCount "29"]
[EventDate "2022.06.20"]
[EventType "team"]
[EventRounds "9"]
[EventCountry "ITA"]
[Source "ChessMix"]
[SourceDate "2022.07.01"]
[WhiteTeam "England 1"]
[BlackTeam "Canada"]
[BlackTeamCountry "CAN"]

1. e4 e5 2. Nf3 Nc6 3. Bb5 a6 4. Ba4 Nf6 5. O-O Be7 6. d3 b5 7. Bb3 O-O 8. Nc3
d6 9. a3 Bg4 10. Be3 Nd4 11. Bxd4 exd4 12. Nd5 c5 13. h3 Bc8 14. Nxf6+ Bxf6 15.
Bd5 1/2-1/2